CHILD WEL FARE (Record no. 18833)

MARC details
000 -LEADER
fixed length control field 00327nam a22001457a 4500
003 - CONTROL NUMBER IDENTIFIER
control field OSt
005 - DATE AND TIME OF LATEST TRANSACTION
control field 20211117162421.0
008 - FIXED-LENGTH DATA ELEMENTS--GENERAL INFORMATION
fixed length control field 211117b |||||||| |||| 00| 0 eng d
040 ## - CATALOGING SOURCE
Transcribing agency HU
100 ## - MAIN ENTRY--PERSONAL NAME
Personal name DOROTHY ZIETZ
9 (RLIN) 19060
245 ## - TITLE STATEMENT
Title CHILD WEL FARE
260 ## - PUBLICATION, DISTRIBUTION, ETC.
Place of publication, distribution, etc. NEW YORK
Name of publisher, distributor, etc. HALL
Date of publication, distribution, etc. 1959
300 ## - PHYSICAL DESCRIPTION
Extent 384
942 ## - ADDED ENTRY ELEMENTS (KOHA)
Source of classification or shelving scheme Dewey Decimal Classification
Koha item type Books like text book referance book
Suppress in OPAC No
Holdings
Withdrawn status Lost status Source of classification or shelving scheme Damaged status Not for loan Home library Current library Shelving location Date acquired Total Checkouts Full call number Barcode Date last seen Copy number Price effective from Koha item type
    Dewey Decimal Classification     Social Library Social Library General Stacks 11/17/2021   362.7/ZIE SHLIB 00003013 11/17/2021 1 11/17/2021 Books like text book referance book
    Dewey Decimal Classification     Social Library Social Library General Stacks 11/17/2021   362.7/ZIE SHLIB 00003014 11/17/2021 2 11/17/2021 Books like text book referance book